000 00677nam a2200241 a 4500
001 64523
003 BD-RjUL
005 20211209081322.0
008 170215s1965 e ||||| |||| 001 0 eng d
035 _a(BD-RjUL)64653
040 _aBD-RjUL
_beng
_cBD-RjUL
_dBD-RjUL
041 _aeng
082 _223
_a962.020924
_bALE 1965
100 1 _aAl Ifadahwa'l-l'Tibar
_9191390
245 _aThe Eastern Key /
_cAl Ifadahwa'l-l'Tibar.; H K Zand
260 _aLondon :
_b Unwin,
_c1965.
300 _a293 p. ;
_c25 cm.
500 _aIncludes index
650 _aTravel
_xManuscript,
_zArabic
_9191737
651 _aEgypt.
_9191391
700 _aZand, H. K.
_9191392
942 _2ddc
_cBK
999 _c64523
_d64523